X-ray astronomy /

Bibliographic Details
Main Author: Culhane, J. Leonard
Other Authors: Sanford, Peter W.
Format: Book
Language:English
Published: New York : Scribner, [1981]
Subjects:

MARC

Tag First Indicator Second Indicator Subfields
LEADER 00000cam a2200000 a 4500
001 in00000082033
005 20151008055453.0
008 820123s1981 nyuaf 00110 eng
010 |a  81050728  
019 |a 8040200 
020 |a 0684167255 :  |c $25.00 
035 |a (OCoLC)08005120 
035 |9 AAJ3552AM 
039 0 |a 2  |b 3  |c 3  |d 3  |e 3 
040 |a DLC  |c DLC  |d TXA  |d UtOrBLW 
049 |a TXAM  |c [1672831] 
050 0 0 |a QB472  |b .C84 
082 0 |a 522/.686  |2 19 
100 1 |a Culhane, J. Leonard. 
245 1 0 |a X-ray astronomy /  |c J. Leonard Culhane and Peter W. Sanford. 
264 1 |a New York :  |b Scribner,  |c [1981] 
264 4 |c ©1981 
300 |a 192 pages, 16 unnumbered pages of plates :  |b illustrations ;  |c 23 cm. 
336 |a text  |b txt  |2 rdacontent 
337 |a unmediated  |b n  |2 rdamedia 
338 |a volume  |b nc  |2 rdacarrier 
500 |a Includes index. 
504 |a Bibliography: page [185]. 
650 0 |a X-ray astronomy. 
700 1 |a Sanford, Peter W. 
999 |a MARS 
999 f f |s a31cd8ba-e9df-3d51-a5f1-25bda7163685  |i 2d1fc98a-85fe-361a-ab16-eb2324eca2fb  |t 0 
952 f f |p normal  |a Texas A&M University  |b College Station  |c Sterling C. Evans Library  |d Evans: Library Stacks  |t 0  |e QB472 .C84  |h Library of Congress classification  |i unmediated -- volume  |m A14806206596 
998 f f |a QB472 .C84  |t 0  |l Evans: Library Stacks